000 00491nam a2200193Ia 4500
005 20250320024338.0
008 240331s9999 xx 000 0 und d
082 _a302.23
_bBHA
_283
245 0 _aWomen and Media:
_bAnalysis, Alternatives and Action
260 _aNew Delhi,
_bIsis International
_c1984
300 _a132 p.,
650 _aWomen
650 _aEducation
650 _aMedia
650 _aDevelopment
700 _aBhasin, K
_eedt
700 _aAgarwal, B
_eedt
942 _cL
999 _c1143
_d1143